Máximos goleadores de la historia del mundial - Estadísticas

Estadísticas generales
  • Esta prueba ha sido intentada 139 veces
  • La puntuación promedio es 5 de 10
Estadísticas de respuestas
País Goles Jugador % Correcto
Alemania 16 Miroslav Klose
89%
Alemania 14 Gerd Müller
86%
Brasil 12 Pelé
81%
Brasil 15 Ronaldo Nazário
75%
Argentina 10 Gabriel Batistuta
53%
Francia 13 Just Fontaine
37%
Inglaterra 10 Gary Lineker
22%
Alemania 11 Jürgen Klinsmann
17%
Hungría 11 Sándor Kocsis
17%
Alemania 10 Helmut Rahn
5%
No se encontraron pruebas coincidentes
Distribución de puntuación
Porcentaje de gente con cada puntuación
Porcentaje por número respondido
Historial de tus puntuaciones
No has intentado esta prueba.